Živnostenský zákon po novele

Úplné znenie zákona č. 455/1991 Zb. o živnostenskom podnikaní (živnostenský zákon), v znení neskorších predpisov a noviel s komentárom, v Českej republike.

Guardado en:
Detalles Bibliográficos
Autor principal: Nesnídal, Jiří
Formato: Capítulo de libro
Lenguaje:checo
Materias:
Etiquetas: Agregar Etiqueta
Sin Etiquetas, Sea el primero en etiquetar este registro!

MARC

LEADER 00000naa a2200000 4500
001 r037348
005 20230920100812.7
041 0 |a cze 
044 |a CZ 
245 1 0 |a Živnostenský zákon po novele  |c Jiří Nesnídal 
520 |a Úplné znenie zákona č. 455/1991 Zb. o živnostenskom podnikaní (živnostenský zákon), v znení neskorších predpisov a noviel s komentárom, v Českej republike. 
610 2 0 |a zákony 
610 2 0 |a Česko 
610 2 0 |a živnosti 
610 2 0 |a živnostníci 
610 2 0 |a podnikanie 
610 2 0 |a podnikatelia 
610 2 0 |a komentáre 
100 1 |a Nesnídal, Jiří